| 000 | 00413pam a2200145 a 4500 | ||
|---|---|---|---|
| 020 | _c | ||
| 041 | _aeng | ||
| 082 |
_a050 _bKRI |
||
| 100 |
_aKriegman D Ed , _eAuthor . |
||
| 245 |
_aIEEE Trans on Pattern Analysis & Machine Intelligence Vol - 29 ,Jan Dec _hBound Volumes |
||
| 260 |
_a[s.l]: _bIEEE Computer Society , _c2007. |
||
| 300 |
_a28*20: _bHB. |
||
| 653 | _aGeneral serial publications | ||
| 930 | _a16650 | ||
| 999 |
_c59871 _d59871 |
||